000 00598nam a2200205Ia 4500
005 20250923150013.0
008 008 250917s9999 xx 000 0 eng d
037 _aTextual
040 _aDSWL
_beng
_cDSWL
041 _aeng
_2eng
084 _aY120r4371.277, N99
_qDSWL
100 _aBhan, Susheela
_9841191
245 0 _aImpact of ethenic violence on youth
_c by Susheela Bhan
260 _aDelhi
_b Shipra Publication
_c1999
300 _axiv,204 p.
365 _aINR
_b395.00
925 _g395.00
942 _cTEXL
_hY120r4371.277, N99
999 _c1458394
_d1458394